Ninjago Minifigure Names - Statistics

General Stats
  • This quiz has been taken 307 times
  • The average score is 24 of 82
Answer Stats
Answer % Correct
Kai
98%
Zane
96%
Cole
94%
Jay
94%
Sensei Wu
94%
Lloyd Garmadon
92%
Garmadon
90%
Nya
88%
Pythor P. Chumsworth
69%
Misako
61%
Chen
57%
Morro
55%
Skales
55%
Samukai
50%
Overlord
49%
Clouse
46%
Skylor
46%
Dareth
43%
Nadakhan
39%
P.I.X.A.L.
39%
General Kozu
34%
Acidicus
33%
Fangtom
33%
Cryptor
32%
Karlof
32%
Kruncha
32%
Ronin
32%
Bansha
29%
Cyrus
28%
Fangdam
27%
Griffin Turner
27%
Nuckal
27%
Dogshank
26%
Skalidor
26%
Wyplash
25%
Clancee
24%
Eyezor
24%
Mezmo
23%
Spitta
23%
Fang-Suei
21%
Flintlocke
21%
Ghoultar
21%
Krazi
21%
Lasha
21%
Rattla
21%
Slithraa
21%
Bonezai
19%
Chokun
19%
Chope
19%
Bytar
18%
Chopov
18%
Doubloon
18%
Lil' Nelson
18%
Snappa
18%
Frakjaw
17%
Kapau
17%
Lizaru
17%
Master Yang
17%
Zugu
17%
Snike
16%
Wrayth
15%
Bucko
14%
Cyren
12%
Sleven
12%
Krait
11%
Sqiffy
9%
Mailman
8%
Ming
8%
Attila
6%
Chop'rai
6%
Cowler
6%
Spyder
6%
Claire
5%
Hackler
5%
Wail
5%
Yokai
5%
Ghurka
4%
Jesper
4%
Overborg
4%
Pitch
4%
Eyezorai
3%
Kapu'rai
3%
No matching quizzes found
Score Distribution
Percent of People with Each Score
Percentile by Number Answered
Your Score History
You have not taken this quiz